| 000 | 01947cam a22005054a 4500 | ||
|---|---|---|---|
| 001 | muse70609 | ||
| 003 | MdBmJHUP | ||
| 005 | 20210127151159.0 | ||
| 006 | m o d | ||
| 007 | cr||||||||nn|n | ||
| 008 | 160805s2017 mau o 00 0 eng d | ||
| 010 | _z 2016028724 | ||
| 020 | _a9780262344487 | ||
| 020 | _z9780262035767 (hardcover : alk. paper) | ||
| 035 | _a(OCoLC)1053576850 | ||
| 040 |
_aMdBmJHUP _cMdBmJHUP |
||
| 043 |
_ae------ _an-us--- |
||
| 050 | 0 | 4 |
_aT174.7 _b.L379 2017 |
| 082 | 0 |
_a338.94/06 _223 |
|
| 100 | 1 |
_aLaurent, Brice, _eauthor. |
|
| 245 | 1 | 0 |
_aDemocratic Experiments _bProblematizing Nanotechnology and Democracy in Europe and the United States / _cBrice Laurent. |
| 264 | 1 | _bMIT Press, | |
| 264 | 3 | _bProject MUSE, | |
| 300 | _a1 online resource (xviii, 261 pages) | ||
| 490 | 0 | _aInside technology | |
| 504 | _aIncludes bibliographical references (pages 235-255) and index. | ||
| 506 | 0 |
_aOpen Access _fUnrestricted online access _2star |
|
| 588 | _aDescription based on print version record. | ||
| 650 | 0 |
_aDemocracy _zUnited States. |
|
| 650 | 0 |
_aDemocracy _zEuropean Union countries. |
|
| 650 | 0 |
_aScience and state _zUnited States. |
|
| 650 | 0 |
_aScience and state _zEuropean Union countries. |
|
| 650 | 0 |
_aNanotechnology _xGovernment policy _zUnited States. |
|
| 650 | 0 |
_aNanotechnology _xGovernment policy _zEuropean Union countries. |
|
| 650 | 0 |
_aNanotechnology _xPolitical aspects _zUnited States. |
|
| 650 | 0 |
_aNanotechnology _xPolitical aspects _zEuropean Union countries. |
|
| 655 | 7 |
_aElectronic books. _2local |
|
| 710 | 2 |
_aProject Muse. _edistributor |
|
| 830 | 0 | _aBook collections on Project MUSE. | |
| 856 | 4 | 0 |
_zFull text available: _uhttps://muse.jhu.edu/book/60843/ |
| 999 |
_c24922 _d24922 |
||